| 000 | 00665pab a2200169 454500 | ||
|---|---|---|---|
| 008 | 180718b1997 xxu||||| |||| 00| 0 eng d | ||
| 100 | _aMohanty, Bidyut | ||
| 245 | _aEmpowering women through three-tier government in a tribal district of Orissa | ||
| 260 | _c1997 | ||
| 300 | _a.239-41 | ||
| 362 | _aMar-Jun | ||
| 520 | _aThe implementation of the new Panchayati Raj in the Fifth Schedule areas of Orissa has empowered the women. The experience of Raygada district has been described mentioning the gains and limitations for the tribal women. - Reproduced | ||
| 650 | _aWomen - India - Orissa | ||
| 650 | _aWomen | ||
| 773 | _aSocial Change | ||
| 909 | _a42991 | ||
| 999 |
_c42991 _d42991 |
||